[Event "St Petersburg-ch Seniors Blitz (Women)"]
[Site "St Petersburg"]
[Date "2022.10.05"]
[Round "4"]
[White "Kazantseva, Alla"]
[Black "Vasiukova, Ekaterina"]
[Result "1-0"]
[WhiteElo "1611"]
[BlackElo "1692"]
[PlyCount "87"]
[EventDate "2022.10.05"]
[EventType "swiss (blitz)"]
[EventRounds "11"]
[EventCountry "RUS"]
[SourceTitle "CBM 210 Extra"]
[Source "ChessBase"]
[SourceDate "2022.11.30"]
[SourceVersion "1"]
[SourceVersionDate "2022.11.30"]
[SourceQuality "1"]

1. e4 c6 2. d4 d5 3. Nd2 dxe4 4. Nxe4 Bf5 5. Ng3 Bg6 6. Nf3 Nd7 7. Be3 Ngf6 8. Bc4 e6 9. Qd2 Be7 10. c3 0-0 11. 0-0 Nb6 12. Bb3 Nfd5 13. Qe2 Nxe3 14. Qxe3 Nd5 15. Qe2 h6 16. Ne5 Bh7 17. Bc2 Bxc2 18. Qxc2 c5 19. Ne2 Rc8 20. Qd1 Bf6 21. Nf3 c4 22. Ng3 b5 23. Ne5 Qc7 24. Nf3 a5 25. Re1 Rfd8 26. Qc2 Nf4 27. Ne5 b4 28. Rad1 Bxe5 29. Rxe5 Nd3 30. Re2 Nf4 31. Re3 Nd5 32. Rf3 Qc6 33. Ne4 a4 34. Rg3 b3 35. axb3 axb3 36. Qe2 Kf8 37. Qg4 g6 38. Qh3 h5 39. Qh4 Qa4 40. Qg5 Qa2 41. Nc5 Rd6 42. Qh6+ Ke7 43. Qg5+ Ke8 44. Qh6 1-0

[Event "St Petersburg-ch Seniors Rapid (Women)"]
[Site "St Petersburg"]
[Date "2022.10.04"]
[Round "10"]
[White "Kazantseva, Alla"]
[Black "Mednikova, Svetlana"]
[Result "0-1"]
[WhiteElo "1554"]
[BlackElo "1996"]
[PlyCount "66"]
[EventDate "2022.10.03"]
[EventType "swiss (rapid)"]
[EventRounds "10"]
[EventCountry "RUS"]
[SourceTitle "EXT 2024"]
[Source "ChessBase"]
[SourceDate "2023.10.10"]
[SourceVersion "1"]
[SourceVersionDate "2023.10.10"]
[SourceQuality "1"]

1. e4 Nf6 2. d3 e5 3. Nf3 Nc6 4. g3 Bc5 5. Bg2 0-0 6. 0-0 d5 7. exd5 Nxd5 8. Bg5 f6 9. Bd2 Nd4 10. Nxd4 exd4 11. a3 c6 12. b4 Bb6 13. a4 a5 14. bxa5 Bxa5 15. Qc1 Re8 16. Re1 Rxe1+ 17. Qxe1 Bf5 18. Qc1 Qd7 19. Na3 Bxd2 20. Qxd2 Rxa4 21. Qc1 Nc3 22. Qb2 b5 23. Nb1 Rxa1 24. Qxa1 Nxb1 25. Qxb1 Kf7 26. Qa2+ Be6 27. Qb1 Bd5 28. Bxd5+ Qxd5 29. Qb3 Qxb3 30. cxb3 Ke6 31. b4 c5 32. bxc5 b4 33. Kf1 b3 0-1

[Event "St Petersburg-ch Seniors (Women)"]
[Site "St Petersburg"]
[Date "2022.09.29"]
[Round "6"]
[White "Kazantseva, Alla"]
[Black "Malinicheva, Lidia"]
[Result "1/2-1/2"]
[WhiteElo "1654"]
[BlackElo "1845"]
[PlyCount "116"]
[EventDate "2022.09.24"]
[EventType "swiss"]
[EventRounds "9"]
[EventCountry "RUS"]
[SourceTitle "CBM 210 Extra"]
[Source "ChessBase"]
[SourceDate "2022.11.30"]
[SourceVersion "1"]
[SourceVersionDate "2022.11.30"]
[SourceQuality "1"]

1. e4 e6 2. g3 d5 3. Bg2 dxe4 4. Bxe4 Bc5 5. d3 c6 6. Ne2 Nf6 7. Bg2 e5 8. h3 Be6 9. Nbc3 Qc8 10. Bg5 Nbd7 11. Qd2 0-0 12. Be3 Bb4 13. a3 Be7 14. 0-0 Nd5 15. Nxd5 cxd5 16. f4 exf4 17. Nxf4 Nf6 18. Kh2 Bc5 19. c3 Rd8 20. Rac1 Qc7 21. Bxc5 Qxc5 22. Nxe6 fxe6 23. Qg5 Qe7 24. Rce1 h5 25. Qe5 Rd6 26. Rf2 Rb6 27. Qd4 Rd8 28. Rfe2 Qf7 29. Rf1 Qg6 30. a4 e5 31. Qe3 d4 32. cxd4 Rxd4 33. Qxe5 Rxd3 34. Qb8+ Kf7 35. Qc7+ Kg8 36. Qc8+ Kh7 37. Rxf6 Qxg3+ 38. Kh1 Rd1+ 39. Rf1 Rxf1+ 40. Bxf1 Qf3+ 41. Rg2 Qxf1+ 42. Kh2 Qf4+ 43. Kh1 Rc6 44. Qxb7 Rc7 45. Qd5 Rc1+ 46. Rg1 Rxg1+ 47. Kxg1 Qc1+ 48. Kh2 Qxb2+ 49. Kg1 Qe2 50. Qf5+ Kh6 51. Qf4+ Kg6 52. Qd6+ Kf7 53. Qd7+ Qe7 54. Qf5+ Qf6 55. Qxh5+ Qg6+ 56. Qxg6+ Kxg6 57. Kg2 Kg5 58. Kf3 a5 1/2-1/2

[Event "St Petersburg-ch Seniors (Women)"]
[Site "St Petersburg"]
[Date "2022.09.24"]
[Round "1"]
[White "Kazantseva, Alla"]
[Black "Kozlovskaya, Valentina"]
[Result "0-1"]
[WhiteElo "1654"]
[BlackElo "2067"]
[PlyCount "76"]
[EventDate "2022.09.24"]
[EventType "swiss"]
[EventRounds "9"]
[EventCountry "RUS"]
[SourceTitle "CBM 210 Extra"]
[Source "ChessBase"]
[SourceDate "2022.11.30"]
[SourceVersion "1"]
[SourceVersionDate "2022.11.30"]
[SourceQuality "1"]

1. e4 c5 2. d3 Nc6 3. Nf3 d6 4. g3 g6 5. c3 Nf6 6. Bg2 Bg7 7. 0-0 0-0 8. Nbd2 Bd7 9. a4 a6 10. Re1 Rb8 11. Nf1 h6 12. Ne3 b5 13. axb5 axb5 14. Nd5 Nh7 15. Ne3 b4 16. c4 Re8 17. h4 Nd4 18. Nxd4 Bxd4 19. Ng4 Bxg4 20. Qxg4 h5 21. Qe2 e6 22. Be3 Qf6 23. Bxd4 Qxd4 24. Reb1 Ra8 25. Rxa8 Rxa8 26. Qe3 Qxe3 27. fxe3 Ra7 28. Kf2 Nf6 29. Bf3 Nd7 30. Ke2 Ne5 31. Bg2 Kg7 32. Kd2 f5 33. Kc2 Kf6 34. d4 Nxc4 35. Kd3 Nb6 36. exf5 c4+ 37. Kc2 gxf5 38. e4 Rg7 0-1

[Event "Elets op"]
[Site "Elets"]
[Date "2011.08.07"]
[Round "6"]
[White "Degtiarev, Viktor"]
[Black "Kazantseva, Alla"]
[Result "1/2-1/2"]
[WhiteElo "1892"]
[BlackElo "1882"]
[PlyCount "74"]
[EventDate "2011.08.04"]
[EventType "swiss"]
[EventRounds "9"]
[EventCountry "RUS"]
[SourceTitle "EXT 2012"]
[Source "ChessBase"]
[SourceDate "2011.11.24"]
[SourceVersion "1"]
[SourceVersionDate "2011.11.24"]
[SourceQuality "1"]

1. e4 e5 2. Nf3 Nc6 3. Bb5 a6 4. Bxc6 dxc6 5. 0-0 Bg4 6. d3 Bd6 7. Be3 Nf6 8. Nbd2 0-0 9. h3 Bh5 10. c3 Re8 11. Qc2 c5 12. g4 Bg6 13. Bg5 h6 14. Bh4 b5 15. a4 Qd7 16. Nh2 Be7 17. Ndf3 Qe6 18. Bg3 Nd7 19. Nh4 Bxh4 20. Bxh4 f6 21. Bg3 Bf7 22. axb5 axb5 23. Kg2 g5 24. f3 Qc6 25. Qd2 Rxa1 26. Rxa1 Ra8 27. Rxa8+ Qxa8 28. Nf1 Qa5 29. Ne3 Be6 30. Be1 Nb6 31. Kg3 Qa1 32. Nf5 Bxf5 33. gxf5 Qa2 34. d4 cxd4 35. cxd4 Nc4 36. Qb4 Qxb2 37. Qe7 Qxd4 1/2-1/2

[Event "Elets op"]
[Site "Elets"]
[Date "2011.08.05"]
[Round "2"]
[White "Morozov, Vasiliy"]
[Black "Kazantseva, Alla"]
[Result "1-0"]
[WhiteElo "2019"]
[BlackElo "1882"]
[PlyCount "59"]
[EventDate "2011.08.04"]
[EventType "swiss"]
[EventRounds "9"]
[EventCountry "RUS"]
[SourceTitle "EXT 2012"]
[Source "ChessBase"]
[SourceDate "2011.11.24"]
[SourceVersion "1"]
[SourceVersionDate "2011.11.24"]
[SourceQuality "1"]

1. Nf3 Nf6 2. c4 g6 3. Nc3 Bg7 4. e4 d6 5. d4 0-0 6. Be2 c5 7. 0-0 Nbd7 8. d5 Ne8 9. Qc2 Ne5 10. Nxe5 Bxe5 11. Be3 f5 12. exf5 Bxf5 13. Bd3 Ng7 14. Rae1 Bxd3 15. Qxd3 Nf5 16. Bc1 Rf7 17. Ne4 Ng7 18. Nxc5 Qb6 19. Nd7 Qc7 20. Nxe5 dxe5 21. b3 Raf8 22. Qe3 Qa5 23. Qd2 Qc7 24. Bb2 Rf5 25. Qc3 b5 26. c5 Rd8 27. Rd1 a5 28. f4 b4 29. Qc4 Kf8 30. fxe5 1-0

[Event "Lipetsk op"]
[Site "Lipetsk"]
[Date "2010.06.30"]
[Round "8"]
[White "Golubyatnikov, Mitrofan"]
[Black "Kazantseva, Alla"]
[Result "0-1"]
[WhiteElo "1924"]
[BlackElo "1924"]
[PlyCount "88"]
[EventDate "2010.06.23"]
[EventType "swiss"]
[EventRounds "9"]
[EventCountry "RUS"]
[SourceTitle "CBM 137 Extra"]
[Source "ChessBase"]
[SourceDate "2010.09.01"]
[SourceVersion "1"]
[SourceVersionDate "2010.09.01"]
[SourceQuality "1"]

1. b4 Nf6 2. c4 d5 3. c5 b6 4. d4 e6 5. Bb2 Be7 6. Nf3 0-0 7. e3 Bb7 8. Bd3 a5 9. a3 axb4 10. axb4 bxc5 11. Rxa8 Bxa8 12. bxc5 Nc6 13. 0-0 Qb8 14. Bc3 Nb4 15. Bxb4 Qxb4 16. Nbd2 Bc6 17. Qe2 Ra8 18. Ne5 Be8 19. Ndf3 Qc3 20. h3 Ra1 21. Kh2 Rxf1 22. Qxf1 Qb2 23. Ng1 Bxc5 24. f4 Ba3 25. Ngf3 c5 26. Qb1 Qxb1 27. Bxb1 cxd4 28. exd4 Bb2 29. Nd3 Ba3 30. Kg1 Ne4 31. g4 Ba4 32. Nde1 Nc3 33. Bd3 Bc1 34. f5 exf5 35. gxf5 Be3+ 36. Kg2 Na2 37. Bc2 Bb5 38. Bb3 Nb4 39. Kg3 Bd7 40. Ng2 Bc1 41. Ngh4 Bb2 42. Kf4 f6 43. Ke3 Bc1+ 44. Ke2 Kf7 0-1

[Event "Lipetsk Region-ch (Women)"]
[Site "Lipetsk"]
[Date "2010.03.26"]
[Round "5"]
[White "Kazantseva, Alla"]
[Black "Ostapets, Viktoria"]
[Result "0-1"]
[WhiteElo "1924"]
[BlackElo "1837"]
[PlyCount "158"]
[EventDate "2010.03.22"]
[EventType "swiss"]
[EventRounds "9"]
[EventCountry "RUS"]
[SourceTitle "EXT 2022"]
[Source "ChessBase"]
[SourceDate "2021.10.06"]
[SourceVersion "1"]
[SourceVersionDate "2021.10.06"]
[SourceQuality "1"]

1. Nf3 Nc6 2. g3 e5 3. d3 Nf6 4. Nbd2 Bb4 5. c3 Bc5 6. Bg2 d6 7. 0-0 0-0 8. a4 a6 9. Nc4 Be6 10. Ne3 Ne7 11. Nc2 Ng6 12. e4 Rc8 13. Qe2 Qe7 14. b4 Bb6 15. a5 Ba7 16. c4 c5 17. b5 axb5 18. cxb5 c4 19. d4 exd4 20. Nfxd4 Bxd4 21. Nxd4 Bd7 22. b6 d5 23. Ba3 Qe5 24. Nf3 Qxe4 25. Qd1 Rfe8 26. Nh4 Qd3 27. Nxg6 hxg6 28. Bb2 Ne4 29. Ra3 Qxd1 30. Rxd1 c3 31. Ba1 c2 32. Rc1 Bf5 33. Ra2 Nc5 34. Bxd5 Re7 35. g4 Rce8 36. Raxc2 Bxc2 37. Rxc2 Nd3 38. Bc3 Nf4 39. Bc4 Re4 40. Bf1 Rc8 41. h4 Nd5 42. f3 Re6 43. a6 bxa6 44. b7 Rb8 45. Bd2 Rxb7 46. Bd3 Rd7 47. Be4 Red6 48. Ba5 Nf6 49. Rc8+ Kh7 50. Bc6 Rd1+ 51. Kf2 R7d4 52. Bb7 Ra4 53. Bd8 Rb1 54. Ba8 Rb2+ 55. Kg3 Raa2 56. Bxf6 Rg2+ 57. Kf4 gxf6 58. Rc4 Rh2 59. Rc7 Rxh4 60. Rxf7+ Kh6 61. Rxf6 Ra4+ 62. Be4 Kh7 63. Kg5 Rh1 64. Rxg6 Ra5+ 65. Kf4 Kh8 66. Rd6 Ra4 67. Rd8+ Kg7 68. Rd7+ Kh8 69. Kg5 Rb4 70. f4 Rxe4 71. Kg6 Re6+ 72. Kf5 Rc6 73. Kg5 Rhh6 74. f5 Rhf6 75. Kf4 Kg8 76. g5 Rf7 77. Rd8+ Kg7 78. f6+ Kg6 79. Rg8+ Kh7 0-1

[Event "Lipetsk Region-ch (Women)"]
[Site "Lipetsk"]
[Date "2010.03.24"]
[Round "3"]
[White "Kazantseva, Alla"]
[Black "Kurdiukova, Anna"]
[Result "1-0"]
[WhiteElo "1924"]
[BlackElo "1657"]
[PlyCount "163"]
[EventDate "2010.03.22"]
[EventType "swiss"]
[EventRounds "9"]
[EventCountry "RUS"]
[SourceTitle "EXT 2022"]
[Source "ChessBase"]
[SourceDate "2021.10.06"]
[SourceVersion "1"]
[SourceVersionDate "2021.10.06"]
[SourceQuality "1"]

1. e4 c6 2. Nf3 d5 3. e5 Bf5 4. d4 e6 5. Bd3 Bxd3 6. Qxd3 Ne7 7. 0-0 Nd7 8. Nc3 a6 9. Re1 c5 10. Bg5 Qb6 11. b3 Nc6 12. Na4 Qc7 13. c3 cxd4 14. cxd4 Bb4 15. Rec1 0-0 16. a3 Ba5 17. b4 Bb6 18. Be7 Rfe8 19. Bd6 Qd8 20. Nc5 Nxc5 21. Bxc5 Bxc5 22. Rxc5 h6 23. Rac1 Qd7 24. Qd1 Rac8 25. Qa4 Qd8 26. b5 axb5 27. Qxb5 Qe7 28. a4 Ra8 29. Rb1 Reb8 30. Rc3 Ra5 31. Qb2 Raa8 32. Qc1 Qd7 33. Kf1 Na5 34. Rc7 Qxa4 35. Ra1 Qb5+ 36. Ke1 Nb3 37. Rb1 Qa5+ 38. Qc3 Qxc3+ 39. Rxc3 Na5 40. Nd2 Nc6 41. Nf3 Ra4 42. Rxc6 b5 43. Rbc1 b4 44. Rc8+ Rxc8 45. Rxc8+ Kh7 46. Rb8 Ra1+ 47. Ke2 Ra2+ 48. Ke3 Ra3+ 49. Kf4 b3 50. Nd2 Ra2 51. Nxb3 Rxf2+ 52. Kg3 Rb2 53. Rb7 Kg6 54. Nc5 Rd2 55. Rb4 Kf5 56. Kf3 h5 57. h3 Kg5 58. Nb7 Rd3+ 59. Ke2 Rg3 60. Kf2 Rd3 61. Nd8 Rd2+ 62. Kf3 Rd3+ 63. Ke2 Rg3 64. Kf2 Rd3 65. Nxf7+ Kg6 66. Nd6 Kg5 67. Nb7 Kf4 68. Nc5 Rd2+ 69. Kf1 Kg3 70. Nxe6 g6 71. Rb3+ Kh2 72. Ng5 Rxg2 73. Nf3+ Kh1 74. e6 g5 75. e7 g4 76. hxg4 Rxg4 77. e8Q h4 78. Qh5 Rf4 79. Qxh4+ Rxh4 80. Nxh4 Kh2 81. Kf2 Kh1 82. Rh3# 1-0

[Event "RUS-ch Seniors (Women)"]
[Site "Lesnoj Gorodok"]
[Date "2009.10.06"]
[Round "4"]
[White "Kazantseva, Alla"]
[Black "Vanchikova, Dulma"]
[Result "1-0"]
[WhiteElo "1958"]
[BlackElo "1759"]
[PlyCount "85"]
[EventDate "2009.10.03"]
[EventType "swiss"]
[EventRounds "9"]
[EventCountry "RUS"]
[SourceTitle "CBM 132 Extra"]
[Source "ChessBase"]
[SourceDate "2009.11.03"]
[SourceVersion "1"]
[SourceVersionDate "2009.11.03"]
[SourceQuality "1"]

1. e4 e5 2. Nf3 Nc6 3. Bb5 d6 4. c3 Bd7 5. 0-0 Be7 6. Re1 Nf6 7. h3 h6 8. d4 a6 9. Ba4 b5 10. Bc2 0-0 11. Nbd2 Nh7 12. Nf1 exd4 13. cxd4 f5 14. exf5 Bxf5 15. Bxf5 Rxf5 16. Ng3 Rf7 17. d5 Na5 18. b3 Bf6 19. Rb1 Nb7 20. Ne4 Qf8 21. Qc2 Na5 22. Bd2 Nb7 23. Qc6 Qc8 24. Rec1 Nd8 25. Qc2 Qb7 26. Qd3 Re7 27. Re1 Be5 28. Nh4 Nf8 29. f4 Nf7 30. fxe5 Rxe5 31. Qg3 Kh7 32. Bc3 Qxd5 33. Bxe5 Nxe5 34. Rbd1 Qe6 35. Qf2 Re8 36. Qf5+ Qxf5 37. Nxf5 g6 38. Nfg3 Re6 39. Rf1 Nfd7 40. Rf2 Kg7 41. Rc2 c5 42. Rxd6 Rxd6 43. Nxd6 1-0

[Event "RUS-ch Seniors (Women)"]
[Site "Odintsovo"]
[Date "2008.10.09"]
[Round "7"]
[White "Kalashnikova, Larisa"]
[Black "Kazantseva, Alla"]
[Result "1/2-1/2"]
[WhiteElo "2053"]
[BlackElo "1955"]
[PlyCount "39"]
[EventDate "2008.10.02"]
[EventType "swiss"]
[EventRounds "9"]
[EventCountry "RUS"]
[SourceTitle "CBM 127 Extra"]
[Source "ChessBase"]
[SourceDate "2009.01.08"]
[SourceVersion "2"]
[SourceVersionDate "2009.01.28"]
[SourceQuality "1"]

1. d4 Nf6 2. Bg5 e6 3. Nf3 Be7 4. Nbd2 d5 5. e3 Nbd7 6. Bd3 c5 7. c3 c4 8. Bc2 b5 9. 0-0 Qc7 10. a4 b4 11. cxb4 Bxb4 12. Bf4 Bd6 13. Bxd6 Qxd6 14. e4 dxe4 15. Nxc4 Qc7 16. Nfe5 Ba6 17. Nxd7 Qxd7 18. Ne5 Qd6 19. Re1 Bb7 20. f3 1/2-1/2

[Event "RUS-ch Seniors (Women)"]
[Site "Tula"]
[Date "2004.05.??"]
[Round "3"]
[White "Kazantseva, Alla"]
[Black "Blagonadezhnaya, Idea"]
[Result "0-1"]
[WhiteElo "1970"]
[BlackElo "2051"]
[PlyCount "86"]
[EventDate "2004.05.??"]
[EventType "swiss"]
[EventRounds "8"]
[EventCountry "RUS"]
[SourceTitle "EXT 2005"]
[Source "ChessBase"]
[SourceDate "2004.11.15"]
[SourceVersion "1"]
[SourceVersionDate "2004.11.15"]
[SourceQuality "1"]

1. Nf3 g6 2. d3 Bg7 3. g3 Nf6 4. Bg2 0-0 5. 0-0 d6 6. Nbd2 Nc6 7. c3 e5 8. e4 Bd7 9. Nc4 Qc8 10. Ne3 Bh3 11. Ng5 Bxg2 12. Kxg2 h6 13. Nf3 Qd7 14. Qc2 Nh5 15. a4 Nf4+ 16. Kh1 Nh3 17. Ng1 Nxg1 18. Kxg1 f5 19. exf5 gxf5 20. f4 Qe6 21. Ng2 Rae8 22. fxe5 dxe5 23. Be3 b6 24. b4 Ne7 25. Rad1 Nd5 26. Bd2 c5 27. Rde1 Kh8 28. d4 cxd4 29. cxd4 e4 30. Kh1 Bxd4 31. Qc4 Bg7 32. Nh4 e3 33. Bc1 Kh7 34. Qb3 Qe4+ 35. Ng2 f4 36. gxf4 Nxf4 37. Qa2 Nxg2 38. Qxg2 Rxf1+ 39. Rxf1 e2 40. Re1 Qxg2+ 41. Kxg2 Bc3 42. Kf2 Rf8+ 43. Kxe2 Re8+ 0-1

[Event "RUS-ch Seniors (Women)"]
[Site "Tula"]
[Date "2004.05.??"]
[Round "2"]
[White "Zvorykina, Kira"]
[Black "Kazantseva, Alla"]
[Result "1-0"]
[WhiteElo "2082"]
[BlackElo "1970"]
[PlyCount "76"]
[EventDate "2004.05.??"]
[EventType "swiss"]
[EventRounds "8"]
[EventCountry "RUS"]
[SourceTitle "EXT 2005"]
[Source "ChessBase"]
[SourceDate "2004.11.15"]
[SourceVersion "1"]
[SourceVersionDate "2004.11.15"]
[SourceQuality "1"]

1. e4 e5 2. Nf3 Nc6 3. d4 exd4 4. Nxd4 Qf6 5. c3 Bc5 6. Be3 Nxd4 7. cxd4 Bb6 8. Nc3 Qd8 9. Bc4 Ne7 10. Bg5 c6 11. 0-0 0-0 12. d5 h6 13. Bh4 d6 14. e5 g5 15. Bg3 dxe5 16. Bxe5 Ng6 17. Bg3 cxd5 18. Nxd5 Kg7 19. Qb3 f5 20. Qc3+ Kh7 21. Be5 Nxe5 22. Qxe5 Bc5 23. Rad1 Bd6 24. Qe2 Bd7 25. Rfe1 Re8 26. Qh5 Rxe1+ 27. Rxe1 Qf8 28. h4 Qg7 29. hxg5 Bc6 30. Re6 Qxg5 31. Qxg5 hxg5 32. Rxd6 Kg7 33. Ne7 Be4 34. Rg6+ Kh7 35. Rxg5 Kh6 36. Rg6+ Kh7 37. Rg8 Rxg8 38. Nxg8 Bb1 1-0